000 00660nam a2200289Ia 4500
005 20260324134846.0
008 008 260324s9999 xx 000 0 eng d
020 _a9781351302326
037 _aEBOOK
040 _aCRL
040 _beng
040 _cCRL
041 _2eng
041 _aeng
084 _qCRL
100 _aCarl Becker
_91198431
245 4 _aThe United States
245 3 _bAn Experiment in Democracy
260 _bTaylor and Francis
260 _c2001
365 _a
365 _b230
856 _uhttp://www.taylorfrancis.com/books/9781351302326
942 _cEBOOK
999 _c1798918
_d1798918